[Event "Norway Chess 1st"]
[Site "Stavanger"]
[Date "2013.05.13"]
[Round "5"]
[White "Karjakin, Sergey"]
[Black "Carlsen, Magnus"]
[Result "0-1"]
[WhiteElo "2767"]
[BlackElo "2868"]
[Annotator "Marin,Mihail"]
[PlyCount "92"]
[EventDate "2013.05.08"]
[EventType "tourn"]
[EventRounds "9"]
[EventCountry "NOR"]
[EventCategory "21"]
[SourceTitle "CBM 155"]
[Source "ChessBase"]
[SourceDate "2013.07.16"]
[SourceVersion "1"]
[SourceVersionDate "2013.07.16"]
[SourceQuality "1"]

1. e4 {Marin,Mihail Giri,Anish} e5 2. Nf3 Nc6 3. Bb5 a6 4. Ba4 Nf6 5. O-O Be7 6. Re1 b5 7. Bb3 d6 8. c3 O-O 9. h3 Nb8 10. d4 Nbd7 {For a player like Carlsen, who rarely banks on the opening, the Breyer variation must be an optimal choice. Black retains a flexible position and things cannot go really wrong for him. In the worst case, he would find himself in a slightly inferior position after 15-20 moves or so, but Carlsen is quite good at converting such worse positions into... wins! The important thing is to leave the opening behind with the minimum of damage and then get to the complicated middlegame business, clearly Carlsen's piece of cake.} 11. Nbd2 Bb7 12. Bc2 ({RR} 12. a4 c5 13. d5 c4 14. Bc2 Nc5 15. Nf1 Qc7 16. Ng3 Rfb8 17. Nf5 Bf8 18. Qe2 Bc8 19. g4 Bd7 20. axb5 axb5 21. Bg5 Ne8 22. Nd2 Ra7 23. Be3 Rba8) 12... Re8 ({RR} 12... c5) 13. a4 ({RR} 13. Nf1 Bf8 14. Ng3 g6) ({RR} 13. Nf1 Bf8 14. Ng3 g6 15. a4 c5 ({RR} 15... Bg7 16. Bd3 c6) 16. d5 c4) 13... Bf8 ({RR} 13... c5) 14. Bd3 c6 {A typical position for this line. Black surely is flexible and has no weaknesses at all. He still has useful moves at his disposal, mainly ...g6 and ...g7, but then will have to come up with some counterplay in the centre. White has better control in the centre, but in order to prove at least a slight advantage, he has to prepare against Black's ...d6-d5, ...c6-c5 and ...exd4 in optimal way. Easier said than done, especially in over the board conditions.} 15. Qc2 {A relatively rare move.} ({Carlsen has had some experience against the more popular continuations:} 15. b4 Nb6 16. axb5 cxb5 $5 (16... axb5 {1/2 Anand,V (2800)-Carlsen,M (2826)/Nanjing 2010/CBM 139/[Giri] (44)}) ({RR} 16... cxb5 17. d5 Rc8) 17. d5 Rc8 18. Ra3 (18. Bb2 Nh5 {1/2 Shirov,A (2749)-Carlsen,M (2826)/Bilbao 2010/CBM 139/[Edouard,R] (175)}) 18... Nh5 19. Nf1 g6 20. N1h2 Bg7 {Anand,V (2800)-Carlsen,M (2826)/Bilbao 2010/CBM 139/[Edouard,R] (1/2, 50)}) ({A previous Breyer duel between the same two players went:} 15. b3 Qc7 ({Carlsen also tried the standard} 15... g6 16. Bb2 exd4 17. cxd4 d5 {Nisipeanu,L (2659)-Carlsen,M (2815)/Medias 2011/CBM 143/[Rogozenco] (1/2, 32)}) 16. Qc2 Rac8 17. Bb2 Nh5 {Karjakin,S (2760)-Carlsen,M (2802)/Moscow (blitz) 2010/EXT 2011 (0-1, 31)}) ({RR} 15. b4 Nb6 16. axb5 axb5 17. Rxa8 Qxa8 ({RR} 17... Bxa8) 18. Nb3 Nc4 19. dxe5 Nxe5 20. Nxe5 Rxe5 21. f3 Re8 22. Be3 Bc8 23. Bf2 Be6 24. Nd4 Bd7 25. Qd2 Qb8 26. Bf1 h6 27. Ra1 Qb7 28. Ra5 ({RR} 28. Nb3 Ra8 ({RR} 28... Qb8 29. Ra7 c5) 29. Ra5 Rxa5 30. bxa5 Qa6 31. Bb6 Be8) 28... d5 ({RR} 28... Ra8 29. Qa2 Rxa5 30. bxa5 Qa6 31. c4) 29. exd5 Nxd5 {Anand,V (2800)-Carlsen,M (2826) Nanjing 2010 CBM 139 [Giri,Anish] ½-½ (44)}) ({RR} 15. b3) ({RR} 15. Nf1 Qc7 16. Ng3 g6 17. Bg5 Bg7 18. Qd2 Nf8 19. Bh6 Ne6 20. Bxg7 Kxg7 21. Bf1 Rad8 22. b4 Nd7) 15... Rc8 ({RR} 15... g6 16. b4 Nb6 17. axb5 ({RR} 17. axb5 axb5 18. Rxa8 Bxa8 19. dxe5 dxe5 20. Nb3 Qc7 21. Be3 Nbd7) 17... cxb5 18. dxe5 dxe5 19. Nb3 Rc8 20. Na5 Ba8 21. Rb1 Qc7 22. Be3 Qxc3 23. Qe2 Na4 24. Bg5 Nh5 25. Rec1 Qa3 26. Rxc8 Rxc8 27. Nxe5 f6 28. Qg4 Re8 29. Qf3 Kg7 30. Bc1 {Narva,M (2403)-Pujari,R (2144) chess.com INT 2025 1-0 (44)}) ({RR} 15... g6 16. b4 Nb6 17. a5 Nbd7 18. Bb2 Rc8 19. c4 exd4 20. Bxd4 bxc4 21. Qxc4 c5) 16. axb5 axb5 17. b4 ({Slightly more ambitious, but also more committal, than} 17. b3 g6 18. Bb2 Qc7 19. c4 bxc4 20. Nxc4 exd4 21. Bxd4 {1/2 Vallejo Pons,F (2697)-Grischuk,A (2760)/Khanty Mansiysk 2010/CBM 139} d5 $11) 17... Qc7 $146 ({Carlsen might have disliked the standard} 17... g6 {for concrete reasons.} 18. dxe5 $5 ({After the neutral} 18. Bb2 {Black managed to get enough play in an older top level game:} Nh5 19. g3 exd4 $5 20. cxd4 d5 21. Bc3 Nb6 22. e5 Rc7 23. Nb3 Bc8 24. Kg2 Ng7 25. Nh2 h5 $13 {(1/2, 56) Short,N (2635)-Portisch,L (2605)/Wijk aan Zee 1990/CBM 017}) 18... dxe5 19. Nb3 Qc7 (19... c5 $6 {loses a pawn without compensation:} 20. bxc5 Nxc5 21. Nxc5 Rxc5 22. Ba3 $16) 20. Bg5 $1 h6 21. Be3 $14 {White retains some pressure, since after} c5 22. bxc5 {the pawn is not that easy to retrieve because h6 is hanging.}) ({RR} 17... exd4 18. cxd4 c5 19. Bxb5 cxd4 20. Qd3 Ne5 21. Nxe5 Rxe5 22. Bb2 Nh5 23. g3 Rg5 24. Kh2 Qb6 25. Bc4 Qxb4 26. Bxd4 d5 27. Reb1 Qe7 28. Rxb7 dxc4 29. Rxe7 cxd3 30. Rb7 Rg6 31. Raa7 Rd6 32. Be3 {Ali Marandi,C (2394)-Ghosh,D (2473) Chongqing 2013 ½-½ (81)}) ({RR} 17... c5 18. bxc5 exd4 ({RR} 18... dxc5 19. Bxb5 cxd4 20. Bc4 dxc3 21. Qxc3 Qc7 ({RR} 21... Re7 22. Ba3 Nc5 23. Rab1) 22. Bxf7+ Kxf7 23. Ng5+ Kg8 ({RR} 23... Ke7 24. Ba3+ Nc5 25. Nb3) ({RR} 23... Kg6 24. Qg3) 24. Qb3+ Bd5 25. exd5) 19. c6 ({RR} 19. cxd4 dxc5 20. d5 c4 21. Bf1 Bc5) 19... dxc3 ({RR} 19... Bxc6 20. Nxd4 b4 21. Ba6 ({RR} 21. cxb4 Bb5 22. Qb3 Bxd3 23. Qxd3 d5) ({RR} 21. Nxc6 Rxc6 22. Bb2 bxc3 23. Bxc3 Qc7) 21... bxc3 ({RR} 21... Rc7 22. cxb4) 22. Bxc8 cxd2 23. Bxd2 Bxe4 24. Bxd7 Bxc2 25. Bxe8 Be4) 20. cxb7 cxd2 21. Qxd2 Rb8 22. Bxb5 Qb6 ({RR} 22... Rxb7 23. Bc6) ({RR} 22... Qc7) 23. Rb1 Qxb7 24. Bd3 Qa8 25. Rxb8 Rxb8 26. Bb2 Qa2 27. Re2 h6 28. Qc1 Qb3 29. Bc4 Qb7 30. Qd1 ({RR} 30. e5 dxe5 31. Nxe5 Nxe5 32. Bxe5 Qb1) 30... Re8 31. Bxf6 ({RR} 31. e5 dxe5 32. Nxe5 Nxe5 33. Bxe5) 31... Nxf6 32. e5 {Karjakin,S (2762)-Svidler,P (2727) Baku 2015 CBM 169 [Marin,Mihail] 0-1 (38)}) ({RR} 17... g6 18. Bb2 Nh5 19. g3 exd4 20. cxd4 d5 21. Bc3 Nb6 22. e5 Rc7 23. Nb3 Bc8 24. Kg2 Ng7 25. Nh2 h5 26. Nc5 Nc4 27. Nf3 Bf5) ({RR} 17... g6 18. Bb2 Nh5 19. g3 exd4 20. cxd4 d5 21. Bc3 Nb6 22. e5 Rc7 23. Nb3 Bc8 24. Kg2 Ng7 25. Nh2 h5 26. Nc5 Nc4 27. Nf3 Bf5 28. Bxf5 Nxf5 29. e6 Bxc5 30. dxc5 Rxe6 31. Rxe6 fxe6 32. Re1 {Short,N (2635)-Portisch,L (2605) Wijk aan Zee 1990 ½-½ (56)}) 18. Bb2 (18. dxe5 dxe5 19. Nb3 {is completely inoffensive:} c5 20. bxc5 Nxc5 21. Nxc5 Qxc5 $11) 18... Ra8 $6 {But this counter-developing move does not seem right.} (18... g6 {would leave White with the problem of how to strengthen his position.} 19. Bf1 {Possibly the most constructive move. Once the b1-h7 diagonal has been safely defended by Black's last move, the bishop is more useful on f1, defending g2 among others.} (19. c4 exd4 20. Bxd4 bxc4 21. Qxc4 d5 $11) (19. Nb3 c5 $1 20. bxc5 dxc5 21. dxe5 Nxe5 $132 22. Nxe5 $6 c4 $15) (19. Rad1 d5 $5 20. exd5 exd4 21. Rxe8 Rxe8 22. dxc6 Qxc6 $11) 19... exd4 ({Some of the metits of the bishop retreat can be seen after} 19... d5 $6 20. exd5 exd4 $6 21. Rxe8 Rxe8 22. dxc6 Qxc6 23. Nxd4 $18 {and the g2-pawn is defended.}) 20. cxd4 d5 21. e5 Nh5 22. Bc3 Ng7 23. Nb3 Nb6 {This is similar to the Short-Portisch game above, but the move ...d8-c7 is at least a waste of time. For instance, Black does not have the nice regrouping ...c7, ...c8 anymore. So, maybe White has better chances to retain some advantage.}) 19. Rad1 Nb6 $6 {Paradoxically, this does not reduce the impact of c3-c4 at all. In fact, weakening the defence of the e5-pawn will have serious effects.} ({Given White's centralisation,} 19... g6 {looks dangerous, too:} 20. c4 bxc4 21. Bxc4 (21. Qxc4 Ba6 $11) 21... exd4 22. Bxd4 $14 d5 23. Bxd5 Nxd5 24. exd5 Rxe1+ 25. Nxe1 Bxb4 26. Ne4 $36 {Black is under pressure on bth wings. With the pawn on g7, things would be different, but it is late to think about that now.}) ({Black should probably have admitted that something had gone slightly wrong and played some very safe move like} 19... h6 $5 {According to White's answer, Black could next play ...g6 or ...d5. Or if} 20. c4 bxc4 21. Bxc4 exd4 22. Bxd4 {, the safest might be} Qc8 $5 {[%cal Gd6d5,Gb7a6] unpinning the c6-pawn and preparing both ...d6-d5 and ...a6.} (22... Ba6 23. Bxa6 Rxa6 24. b5 $16) (22... d5 23. e5 dxc4 24. exf6 {If he does not wish to see his kingside structure ruined, Black has to spend a tempo on} g6 $14)) 20. c4 $1 bxc4 21. Nxc4 Nxc4 22. Bxc4 $16 {White has wonderful development, with the bishops deserving a special mention. This time, the Breyer has yielded Carlsen slightly less than a worse but playable position.} h6 {Even now, this seems to be the only move allowing him to put up some resistance.} (22... g6 $2 23. dxe5 dxe5 24. Ng5 Re7 25. f4 $18) (22... Ba6 $6 23. dxe5 (23. Bb3 $5 $16) 23... dxe5 24. Ra1 Bxc4 25. Rxa8 Rxa8 26. Bxe5 Qb6 27. Qxc4 Bxb4 28. Rb1 c5 29. Ng5 Qb7 (29... Ra7 30. Bc3) 30. Qxc5) (22... exd4 23. Bxd4 d5 (23... Nxe4 $2 24. Bd5 Nf6 25. Ng5 $18 {Golubev}) 24. Bxd5 Nxd5 25. exd5 Rxe1+ 26. Rxe1 $16 Bxb4 $2 27. Ng5 g6 28. Ne4 $18) 23. dxe5 (23. Bb3 {also looks playable, but may lead to some undesired complications. White is entitled to hope to win the game by technical means.} exd4 24. Nxd4 c5 25. Nf5 Nxe4 (25... Bxe4 $2 26. Rxe4 Nxe4 27. Bd5 $18) 26. f3 Qb6 $1 (26... Nf6 27. Nxh6+ $1 $18) 27. Re3 c4 28. Qxc4 Ng5 29. Bd4 Qc6 {and Black's position is worse, but probably holdable.}) 23... dxe5 24. Bc3 Ba6 {Aiming to get counterplay in a position that does not allow that.} (24... Nd7 $2 25. Rxd7 Qxd7 26. Nxe5 Rxe5 27. Bxe5 Bxb4 28. Rd1 Qe7 29. Qb3 $18) (24... g6 $6 25. Qb2 Nd7 (25... Bd6 26. Rxd6 Qxd6 27. Bxe5 Rxe5 28. Nxe5 $18) 26. Rxd7 Qxd7 27. Nxe5 Rxe5 28. Bxe5 $18) ({Maybe Black should have thought of consolidating the e5-pawn with} 24... Re7 $5 25. Qb2 Rae8 {, although his position would be rather cramped.}) 25. Bb3 c5 26. Qb2 c4 27. Ba4 Re6 28. Nxe5 Bb7 {Black has lost a pawn, but his light-squared bishop has become active and for an instant White is slightly hanging.} 29. Bc2 $2 {This has a double drawback: it cuts the queen off from the kingside and allows Black's optimal regrouping with the next move.} (29. Bb5 $1 $16 {[%csl Gc4,Ge8]} Ba6 (29... Nxe4 30. Rd7 $18 {Golubev}) (29... Bxe4 30. Bxc4 Rxe5 31. Bxe5 Qxc4 32. Rd4 Qc2 33. Qxc2 Bxc2 34. b5 $18 {Golubev}) 30. Bd7 Rb6 (30... Re7 31. Bc6 $16) 31. b5 Bxb5 32. Bxb5 Rab8 33. Ba5 $18) 29... Rae8 $1 30. f4 Bd6 $44 {Suddenly, Black has entirely adequate compensation. He is threatening ...h5 followed by either ...f6 or ...g5, undermining White's stability in the centre.} 31. Kh2 $6 {This is hard to explain, the king does not stand well on the same diagonal as the black queen and bishop.} (31. g3 Nh5 32. Re3 g5 33. Ba4 R8e7 34. Qe2 (34. Qf2 gxf4 35. gxf4 f6) (34. Qg2 f5) 34... gxf4 35. Qg4+ (35. Nxf7 fxe3 36. Qxh5 Rxf7 37. Qg4+ Kh7 38. Qxe6 $13) 35... Kf8 36. gxf4 Nf6 37. Qf5 Bxe4 38. Rxe4 Nxe4 39. Qxe4 Bxe5 40. Bxe5 Qa7+ 41. Qd4 Qxa4 42. Bd6 $11) (31. Re3 Nh5 {is likely to transpose.}) 31... Nh5 32. g3 f6 33. Ng6 Nxf4 $1 {White is in trouble already. This seemed virtually impossible 10 moves earlier. What kind of magic does Magnus use?} 34. Rxd6 (34. gxf4 Bxf4+ 35. Kg2 (35. Nxf4 Qxf4+ 36. Kg2 f5 $19) (35. Kh1 Rxe4 36. Bxe4 Rxe4 37. Kg1 Bd2 $1 $18 {[%cal Gc7g3]}) 35... f5) 34... Nxg6 35. Rxe6 Rxe6 $15 36. Bd4 $6 (36. Qc1 $5 $15) 36... f5 $17 {Winning a pawn.} 37. e5 Nxe5 38. Bxe5 Qc6 39. Rg1 (39. Bxf5 Rxe5) (39. Be4 fxe4 40. Re3 $17) 39... Qd5 40. Bxf5 Rxe5 41. Bg4 h5 42. Bd1 c3 43. Qf2 (43. Qxc3 Qa2+ 44. Qc2 Qxc2+ 45. Bxc2 Re2+) 43... Rf5 44. Qe3 Qf7 45. g4 Re5 {An elegant solution.} ({The simple} 45... Qc7+ {was good enough, of course.} 46. Rg3 (46. Qg3 Rf2+) 46... Qc6 (46... h4 $2 47. gxf5) 47. Rg1 c2 48. Qb3+ Kh8 49. Qxc2 Qd6+ 50. Rg3 h4) 46. Qd4 Qc7 $1 {[%csl Rh2][%cal Gc3c2,Ge5e3,Ge5d5]} 0-1

[Event "Moscow Tal Memorial 8th"]
[Site "Moscow"]
[Date "2013.06.14"]
[Round "2"]
[White "Karjakin, Sergey"]
[Black "Carlsen, Magnus"]
[Result "1/2-1/2"]
[WhiteElo "2782"]
[BlackElo "2864"]
[PlyCount "75"]
[EventDate "2013.06.13"]
[EventType "tourn"]
[EventRounds "9"]
[EventCountry "RUS"]
[EventCategory "22"]
[SourceTitle "CBM 155"]
[Source "ChessBase"]
[SourceDate "2013.07.16"]
[SourceVersion "1"]
[SourceVersionDate "2013.07.16"]
[SourceQuality "1"]

1. e4 e5 2. Nf3 Nc6 3. Bb5 Nf6 4. O-O Nxe4 5. Re1 Nd6 6. Nxe5 Be7 7. Bf1 Nxe5 8. Rxe5 O-O 9. d4 Ne8 10. d5 Bc5 11. Re1 d6 12. Nc3 Bf5 13. Bd3 Bxd3 ({RR} 13... Qf6 14. Ne4 Bxe4 15. Rxe4 Qxf2+ 16. Kh1 Qf6 17. Rf4 Qe7 18. b4 Bb6 19. Bb2 g6 20. g4 Ng7 21. Bf6 Qe3 22. Rf3 Qh6 23. Qf1 Rae8 {½-½ (23) Ferreira,J (2518)-Korneev,O (2468) Soure POR 2025}) 14. Qxd3 Nf6 15. Na4 Re8 $146 ({RR} 15... Qd7 16. Nxc5 dxc5 17. c4 Rfe8 18. Bf4 Rxe1+ 19. Rxe1 Re8 20. Re3 Rxe3 21. Qxe3 Qa4 22. b3 Qxa2 23. h3 b5 24. Qxc5 Qb1+ 25. Kh2 Qf5 26. Qxc7 h5 27. Bg3 Kh7 28. Qe5 Qd3 29. Bh4 Nd7 30. Qxh5+ {Jovanovic,Z (2540)-Csonka,B (2451) Hungary 2018 1-0 (36)}) 16. Bd2 Rxe1+ 17. Rxe1 Qd7 18. Nxc5 dxc5 19. c4 Re8 20. f3 Rxe1+ 21. Bxe1 b6 22. g4 Ne8 23. Bg3 Nd6 24. b3 a5 25. Kf2 a4 26. Qe3 Kf8 27. h4 axb3 28. axb3 Qe7 29. Qc3 f6 30. h5 Kf7 31. Bf4 g6 32. Qa1 Ke8 33. h6 Kf7 34. Bg3 Ke8 35. Bh4 Kf7 36. Bg3 Ke8 37. Bh4 Kf7 38. Bg3 1/2-1/2

[Event "Moscow Tal Memorial 8th"]
[Site "Moscow"]
[Date "2013.06.21"]
[Round "7"]
[White "Carlsen, Magnus"]
[Black "Morozevich, Alexander"]
[Result "1/2-1/2"]
[WhiteElo "2864"]
[BlackElo "2760"]
[PlyCount "93"]
[EventDate "2013.06.13"]
[EventType "tourn"]
[EventRounds "9"]
[EventCountry "RUS"]
[EventCategory "22"]
[SourceTitle "CBM 155"]
[Source "ChessBase"]
[SourceDate "2013.07.16"]
[SourceVersion "1"]
[SourceVersionDate "2013.07.16"]
[SourceQuality "1"]

1. e4 c6 2. d4 d5 3. Nc3 dxe4 4. Nxe4 Nd7 5. c3 Ngf6 6. Nxf6+ ({RR} 6. Ng3 e6 7. Nf3 Bd6 8. Bd3 b6 9. Qe2 O-O 10. Ne4 Be7 11. Ne5 Bb7 12. Ng5 h6 13. Ngf3 c5 14. O-O a6 15. Bf4 cxd4 16. cxd4 Nd5 17. Bd2 Nb4 18. Bxb4 Bxb4 19. Rac1 Nxe5 20. dxe5 {½-½ (20) Bronstein,D (2455)-Gulko,B (2615) Reykjavik 1996}) 6... Nxf6 7. Bd3 Qd5 ({RR} 7... Bg4 8. f3 Bh5 9. Ne2 e6 10. Nf4 Bg6 11. Nxg6 hxg6 12. Be3 Nd5 13. Bf2 Nf4 14. O-O Nxd3 15. Qxd3 Bd6 16. h3 Qg5 17. Be3 Qg3 18. f4 Rxh3 19. Rf3 Qh2+ 20. Kf2 Rxf3+ 21. Kxf3 O-O-O 22. c4 {Mykhyeyeva,M (1478)-Bujdoso,E (1637) Vecindario ESP 2025 ½-½ (43)}) 8. f3 Bf5 $146 ({RR} 8... g6 9. Ne2 Bg7 10. Nf4 Qd6 11. O-O O-O 12. Re1 Nd7 13. Be3 e5 14. Ne2 exd4 15. Bxd4 Nf6 16. Qc2 c5 17. Bf2 b6 18. a4 a6 19. Red1 Qc6 20. c4 a5 21. Nc3 Be6 22. Ne4 Rad8 23. Bh4 {Sikora Gizynska,B (2220)-Dahl,I (2085) Aabybro 1989 ½-½ (39)}) 9. Ne2 Bxd3 10. Nf4 Qg5 11. Qxd3 Nd5 12. g3 e6 13. Qe2 Nxf4 14. Bxf4 Qd5 15. Be5 f6 16. Bf4 O-O-O 17. O-O Bd6 18. Be3 e5 19. dxe5 Qxe5 20. Qf2 a6 21. Rfe1 Qf5 22. Bb6 Bc7 23. Bxc7 Kxc7 24. Re7+ Rd7 25. Rae1 Rhd8 26. Kg2 Qd5 27. a3 Rxe7 28. Rxe7+ Rd7 29. Rxd7+ Kxd7 30. Qc2 g6 31. Qc1 Qd3 32. Kf2 Ke6 33. Qe3+ Qxe3+ 34. Kxe3 Kd5 35. b3 c5 36. c4+ Ke5 37. f4+ Ke6 38. g4 f5 39. g5 a5 40. a4 b6 41. h4 Kd6 42. Kf2 Ke6 43. Kf3 Ke7 44. Kg3 Kf7 45. Kh3 Ke6 46. h5 Kf7 47. h6 1/2-1/2